[Event "SUI-chT"]
[Site "Switzerland"]
[Date "2024.05.26"]
[Round "4.5"]
[White "Gaehler, Marco"]
[Black "Hasenohr, Benedict"]
[Result "1-0"]
[WhiteElo "2323"]
[BlackElo "2305"]
[PlyCount "135"]
[EventDate "2024.03.10"]
[EventType "team-tourn"]
[EventRounds "9"]
[EventCountry "SUI"]
[SourceTitle "EXT 2025"]
[Source "ChessBase"]
[SourceDate "2024.10.14"]
[SourceVersion "1"]
[SourceVersionDate "2024.10.14"]
[SourceQuality "1"]
[WhiteTeam "Wollishofen"]
[BlackTeam "Winterthur"]
[WhiteTeamCountry "SUI"]
[BlackTeamCountry "SUI"]

1. e4 c5 2. g3 a6 3. Bg2 g6 4. f4 Bg7 5. Nf3 e6 6. Qe2 Ne7 7. c3 Nbc6 8. Qf2 d6 9. 0-0 f5 10. d3 0-0 11. Be3 Qc7 12. Nbd2 Bd7 13. Rae1 Rae8 14. e5 dxe5 15. fxe5 b6 16. Nc4 Nd5 17. Bd2 f4 18. Re4 fxg3 19. Qxg3 Nde7 20. h4 Nf5 21. Qg4 b5 22. Nd6 Nxd6 23. exd6 Qxd6 24. h5 e5 25. Qg3 Qxd3 26. Rfe1 Bf5 27. R4e3 Qd7 28. hxg6 Bxg6 29. Nh4 Rf6 30. Nxg6 Rxg6 31. Qf2 Ne7 32. R3e2 c4 33. Rf1 Rf8 34. Qc5 Rxf1+ 35. Kxf1 Nf5 36. Bd5+ Kh8 37. Ke1 Qd8 38. Be4 Ng3 39. Bxg6 Nxe2 40. Be4 Ng3 41. Bb7 Qf6 42. Qc8+ Bf8 43. Kd1 h5 44. Bxa6 e4 45. Qb8 Qf3+ 46. Kc2 h4 47. Qf4 Nf5 48. Bc8 Nh6 49. Bb7 h3 50. Bxe4 Qxf4 51. Bxf4 Ng4 52. Bc6 b4 53. cxb4 Bxb4 54. a4 Kg7 55. Bd2 Bd6 56. a5 Kf6 57. a6 Bc5 58. Kc3 h2 59. Bf4 Ba7 60. Bb7 Kf5 61. Bg3 Bg1 62. Kxc4 Ne3+ 63. Kb5 Nf1 64. Bb8 Kg4 65. a7 Bxa7 66. Bxa7 Ng3 67. Bf2 Nf5 68. Bg2 1-0

[Event "SUI-chT"]
[Site "Switzerland"]
[Date "2024.04.14"]
[Round "2.1"]
[White "Georgiadis, Ioannis"]
[Black "Gaehler, Marco"]
[Result "1-0"]
[WhiteElo "2480"]
[BlackElo "2323"]
[PlyCount "53"]
[EventDate "2024.03.10"]
[EventType "team-tourn"]
[EventRounds "9"]
[EventCountry "SUI"]
[SourceTitle "CBM 220 Extra"]
[Source "ChessBase"]
[SourceDate "2024.07.31"]
[SourceVersion "1"]
[SourceVersionDate "2024.07.31"]
[SourceQuality "1"]
[WhiteTeam "Riehen"]
[BlackTeam "Wollishofen"]
[WhiteTeamCountry "SUI"]
[BlackTeamCountry "SUI"]

1. c4 b6 2. Nc3 e6 3. g3 Bb7 4. e4 Bb4 5. Nge2 f5 6. Bg2 Nf6 7. d3 fxe4 8. 0-0 0-0 9. Bg5 Qe8 10. Bxf6 gxf6 11. Nxe4 Nc6 12. d4 Na5 13. c5 d5 14. cxd6 Bxd6 15. Nxd6 cxd6 16. Bxb7 Nxb7 17. Rc1 Rf7 18. Qd3 Qa4 19. b3 Qa5 20. Rc2 e5 21. Rfc1 Re8 22. Rc8 Rxc8 23. Rxc8+ Kg7 24. Qf3 Qe1+ 25. Kg2 f5 26. dxe5 dxe5 27. Qe3 1-0

[Event "Bodensee-Cup"]
[Site "Ueberlingen/Nussdorf"]
[Date "2021.10.16"]
[Round "2.3"]
[White "Gaehler, Marco"]
[Black "Englert, Fabian"]
[Result "1/2-1/2"]
[WhiteElo "2365"]
[BlackElo "2422"]
[PlyCount "84"]
[EventDate "2021.10.15"]
[EventType "team-tourn"]
[EventRounds "3"]
[EventCountry "GER"]
[SourceTitle "EXT 2023"]
[Source "ChessBase"]
[SourceDate "2022.10.05"]
[SourceVersion "1"]
[SourceVersionDate "2022.10.05"]
[SourceQuality "1"]
[WhiteTeam "Switzerland"]
[BlackTeam "Bayern"]
[WhiteTeamCountry "SUI"]
[BlackTeamCountry "GER"]

1. Nf3 d5 2. g3 c6 3. Bg2 g6 4. 0-0 Bg7 5. d3 e5 6. e4 Ne7 7. Qe2 d4 8. c3 dxc3 9. bxc3 0-0 10. d4 Bg4 11. dxe5 Nd7 12. h3 Bxf3 13. Qxf3 Nxe5 14. Qe2 Qd3 15. Qxd3 Nxd3 16. Bg5 Rfe8 17. Na3 Bxc3 18. Rad1 Nc5 19. f4 f6 20. Bh4 Rad8 21. Nc4 Bd4+ 22. Kh2 b5 23. Na5 Bc3 24. Nb3 Nxb3 25. axb3 c5 26. e5 Rxd1 27. Rxd1 g5 28. fxg5 fxe5 29. Rd7 Ng6 30. Bd5+ Kh8 31. Be4 a5 32. Rb7 a4 33. bxa4 bxa4 34. Ra7 Rd8 35. Rxa4 Rd2+ 36. Kh1 Rd1+ 37. Kg2 Ra1 38. Rxa1 Nxh4+ 39. gxh4 Bxa1 40. Bd3 h6 41. Kf3 Kg7 42. Kg4 Bc3 1/2-1/2

[Event "SUI-chT"]
[Site "Switzerland"]
[Date "2021.10.10"]
[Round "3.3"]
[White "Renet, Olivier"]
[Black "Gaehler, Marco"]
[Result "0-1"]
[WhiteElo "2463"]
[BlackElo "2369"]
[PlyCount "128"]
[EventDate "2021.08.29"]
[EventType "team-tourn"]
[EventRounds "9"]
[EventCountry "SUI"]
[SourceTitle "EXT 2023"]
[Source "ChessBase"]
[SourceDate "2022.10.05"]
[SourceVersion "1"]
[SourceVersionDate "2022.10.05"]
[SourceQuality "1"]
[WhiteTeam "Riehen"]
[BlackTeam "Wollishofen"]
[WhiteTeamCountry "SUI"]
[BlackTeamCountry "SUI"]

1. e4 e6 2. d4 d5 3. Nc3 Bb4 4. e5 c5 5. a3 Ba5 6. Qg4 Kf8 7. dxc5 Bxc3+ 8. bxc3 Nd7 9. Nf3 Qc7 10. Qd4 Ne7 11. Bf4 Nf5 12. Qd2 Nxc5 13. Bd3 h6 14. 0-0 g5 15. Be3 Ne4 16. Bxe4 dxe4 17. Nd4 Nxe3 18. Qxe3 Qxe5 19. f4 gxf4 20. Rxf4 f5 21. Raf1 Kg7 22. g4 Rf8 23. Qh3 Kh7 24. gxf5 exf5 25. Nxf5 Rf6 26. Qh5 Rg6+ 27. Kh1 Be6 28. Ng3 Rg5 29. Qe2 e3 30. c4 Rag8 31. Re4 Qd6 32. Qxe3 R5g6 33. Qd3 Qc6 34. Kg1 R8g7 35. Rd4 Bh3 36. Rf3 Re7 37. Kf2 Be6 38. Ne4 Kg7 39. Qc3 Kh7 40. Nf6+ Kg7 41. Rd5 Rf7 42. Ne4+ Kh7 43. Rxf7+ Bxf7 44. Rd4 Qc7 45. Ng3 Rf6+ 46. Kg1 Bg6 47. Qd2 Qc5 48. c3 Rf7 49. a4 Qc6 50. Qd1 a5 51. Qc1 h5 52. Qd1 Qc5 53. Kg2 Qg5 54. Qd2 Qf6 55. Qe1 Kg7 56. h4 Kh7 57. Kh2 Qf3 58. Ne4 Qf4+ 59. Ng3 Qc7 60. Qe3 Qc6 61. Rd5 Qxc4 62. Qd4 Qa2+ 63. Kh3 Rg7 64. Rd6 Bf5+ 0-1

[Event "SUI-chT"]
[Site "Switzerland"]
[Date "2019.10.19"]
[Round "8.4"]
[White "Gaehler, Marco"]
[Black "Maier, Christian"]
[Result "1/2-1/2"]
[WhiteElo "2376"]
[BlackElo "2328"]
[PlyCount "76"]
[EventDate "2019.03.10"]
[EventType "team-tourn"]
[EventRounds "9"]
[EventCountry "SUI"]
[SourceTitle "CBM 192 Extra"]
[Source "Chessbase"]
[SourceDate "2019.11.06"]
[SourceVersion "1"]
[SourceVersionDate "2019.11.06"]
[SourceQuality "1"]
[WhiteTeam "Wollishofen"]
[BlackTeam "Reti"]
[WhiteTeamCountry "SUI"]
[BlackTeamCountry "SUI"]

1. g3 e5 2. c4 Nc6 3. Bg2 Bc5 4. Nc3 a6 5. e3 d6 6. Nge2 Ba7 7. Rb1 Nf6 8. b4 0-0 9. Nd5 Nxd5 10. cxd5 Ne7 11. d4 Nf5 12. Bb2 Re8 13. 0-0 Bd7 14. a4 Qg5 15. Kh1 h5 16. Rc1 Rac8 17. dxe5 dxe5 18. e4 Nd6 19. f4 exf4 20. gxf4 Qh6 21. Bd4 Bxd4 22. Qxd4 Bxa4 23. e5 Nf5 24. Qe4 Bd7 25. Nd4 g6 26. Nxf5 Bxf5 27. Qd4 Qf8 28. d6 cxd6 29. exd6 Rxc1 30. Rxc1 Rd8 31. Rd1 Rd7 32. Qb6 Qc8 33. Qd4 Qd8 34. Qe5 Kh7 35. Qc5 Qh4 36. Qe3 Bg4 37. Rd2 Qd8 38. Qe5 Bf5 1/2-1/2

[Event "SUI-chT"]
[Site "Switzerland"]
[Date "2019.09.08"]
[Round "7.3"]
[White "Rasch, Holger"]
[Black "Gaehler, Marco"]
[Result "0-1"]
[WhiteElo "2262"]
[BlackElo "2376"]
[PlyCount "46"]
[EventDate "2019.03.10"]
[EventType "team-tourn"]
[EventRounds "9"]
[EventCountry "SUI"]
[SourceTitle "EXT 2020"]
[Source "ChessBase"]
[SourceDate "2019.10.17"]
[SourceVersion "1"]
[SourceVersionDate "2019.10.17"]
[SourceQuality "1"]
[WhiteTeam "Nyon"]
[BlackTeam "Wollishofen"]
[WhiteTeamCountry "SUI"]
[BlackTeamCountry "SUI"]

1. e4 e6 2. d4 d5 3. e5 c5 4. c3 Nc6 5. Nf3 Qb6 6. a3 Nh6 7. b4 cxd4 8. cxd4 Nf5 9. Bb2 Bd7 10. g4 Nh6 11. h3 f6 12. Bd3 Nf7 13. Qe2 h5 14. Rg1 hxg4 15. hxg4 Be7 16. Nbd2 Rc8 17. Nb3 Rh3 18. Kf1 fxe5 19. Kg2 Rxf3 20. Qxf3 e4 21. Bxe4 dxe4 22. Qxe4 Nxb4 23. axb4 Bc6 0-1

[Event "SUI-chT"]
[Site "Switzerland"]
[Date "2018.10.28"]
[Round "9.4"]
[White "Novkovic, Julia"]
[Black "Gaehler, Marco"]
[Result "0-1"]
[WhiteElo "2174"]
[BlackElo "2341"]
[PlyCount "77"]
[EventDate "2018.03.25"]
[EventType "team-tourn"]
[EventRounds "9"]
[EventCountry "SUI"]
[SourceTitle "CBM 187 Extra"]
[Source "ChessBase"]
[SourceDate "2018.11.04"]
[SourceVersion "1"]
[SourceVersionDate "2018.11.04"]
[SourceQuality "1"]
[WhiteTeam "St Gallen"]
[BlackTeam "Wollishofen"]
[WhiteTeamCountry "SUI"]
[BlackTeamCountry "SUI"]

1. e4 e6 2. d4 d5 3. Nd2 c5 4. exd5 Qxd5 5. dxc5 Bxc5 6. Ngf3 Nf6 7. Bc4 Qh5 8. Qe2 Nbd7 9. Nb3 Bd6 10. h3 a6 11. Bd2 b5 12. g4 Nxg4 13. Bxe6 Nge5 14. Bd5 Ra7 15. 0-0-0 0-0 16. Bc3 b4 17. Bd4 Rc7 18. Rhg1 Ng6 19. Qe4 Nde5 20. Bxe5 Nxe5 21. Nbd4 Ng6 22. Nc6 Bxh3 23. Kb1 Qf5 24. Qd4 Qf4 25. Qb6 Qf6 26. Ng5 Bf5 27. Ne4 Bxe4 28. Bxe4 Be5 29. Qc5 Bxb2 30. Qxb4 Bc3 31. Qb6 Qf4 32. Bd5 Bf6 33. Rg3 Rd7 34. Rgd3 Ne5 35. Rb3 Nc4 36. Qb4 Qh4 37. Qc5 Qf4 38. Rbd3 Ne5 39. Rd4 0-1

[Event "Bodensee-Cup"]
[Site "St Ingbert"]
[Date "2018.05.05"]
[Round "2"]
[White "Kiefer, Gerhard"]
[Black "Gaehler, Marco"]
[Result "0-1"]
[WhiteElo "2260"]
[BlackElo "2370"]
[PlyCount "62"]
[EventDate "2018.08.20"]
[EventType "team-tourn"]
[EventRounds "3"]
[EventCountry "GER"]
[SourceTitle "EXT 2020"]
[Source "ChessBase"]
[SourceDate "2019.10.17"]
[SourceVersion "1"]
[SourceVersionDate "2019.10.17"]
[SourceQuality "1"]
[WhiteTeam "Baden"]
[BlackTeam "Switzerland"]
[WhiteTeamCountry "GER"]
[BlackTeamCountry "SUI"]

1. e4 e6 2. d4 d5 3. Nc3 Bb4 4. e5 c5 5. dxc5 Qc7 6. Nf3 a6 7. Bd3 Ne7 8. 0-0 Bxc5 9. Qd2 h6 10. Qf4 f5 11. h4 Nbc6 12. Qg3 Rg8 13. a3 Ba7 14. Bd2 Bb8 15. Rfe1 Nd8 16. Ne2 g5 17. hxg5 hxg5 18. Ned4 g4 19. Ng5 Ba7 20. Nh7 Bxd4 21. Nf6+ Kf7 22. Qf4 Nec6 23. Nxd5 exd5 24. e6+ Nxe6 25. Qxf5+ Bf6 26. Qxd5 Rh8 27. g3 Ne5 28. Bf4 Qc6 29. Rxe5 Bxe5 30. Qxc6 bxc6 31. Bxe5 Rh5 0-1

[Event "Bodensee-Cup"]
[Site "St Ingbert"]
[Date "2018.05.04"]
[Round "1"]
[White "Gaehler, Marco"]
[Black "Rosner, Jonas"]
[Result "1/2-1/2"]
[WhiteElo "2370"]
[BlackElo "2417"]
[PlyCount "144"]
[EventDate "2018.08.20"]
[EventType "team-tourn"]
[EventRounds "3"]
[EventCountry "GER"]
[SourceTitle "EXT 2020"]
[Source "ChessBase"]
[SourceDate "2019.10.17"]
[SourceVersion "1"]
[SourceVersionDate "2019.10.17"]
[SourceQuality "1"]
[WhiteTeam "Switzerland"]
[BlackTeam "Baden"]
[WhiteTeamCountry "SUI"]
[BlackTeamCountry "GER"]

1. g3 d5 2. c4 d4 3. b4 e5 4. Bg2 a5 5. Qa4+ Bd7 6. b5 c6 7. Nf3 Qc7 8. 0-0 Bd6 9. e3 c5 10. exd4 exd4 11. Re1+ Ne7 12. d3 0-0 13. Nbd2 Ng6 14. Ne4 Ra7 15. h4 h5 16. Nxd6 Qxd6 17. Nh2 Bf5 18. Qd1 b6 19. Bd5 Re7 20. Rxe7 Nxe7 21. Bf4 Qg6 22. Bf3 Bxd3 23. Bxh5 Qh7 24. Bd6 Re8 25. Qf3 Qf5 26. Re1 Qxf3 27. Nxf3 Bxc4 28. Rxe7 Rxe7 29. Bxe7 Bxa2 30. Bd8 Nd7 31. Bg4 Be6 32. Bxe6 fxe6 33. Nd2 a4 34. Nc4 Kf7 35. Kf1 e5 36. f3 Ke6 37. Ke2 Kd5 38. Kd3 a3 39. Nxa3 c4+ 40. Ke2 c3 41. Kd3 Nc5+ 42. Kc2 Na4 43. Bg5 e4 44. fxe4+ Kxe4 45. Nb1 Kd5 46. h5 Nc5 47. Na3 d3+ 48. Kxc3 Ne4+ 49. Kxd3 Nxg5 50. Nc4 Kc5 51. Ne3 Kxb5 52. Nf5 Kc5 53. Nxg7 Kd5 54. Ke3 Ke5 55. g4 b5 56. Nf5 Kf6 57. Nd4 b4 58. Kd3 Ke5 59. Ke3 Kf6 60. Kf4 Nh3+ 61. Kg3 Ng5 62. Nb3 Ne4+ 63. Kf4 Ng5 64. Nc5 Nh3+ 65. Ke3 Kg5 66. Kf3 Ng1+ 67. Kg2 Ne2 68. Kf3 Nd4+ 69. Ke4 b3 70. Kxd4 b2 71. Ne4+ Kxg4 72. Nd2 Kxh5 1/2-1/2

[Event "SUI-chT"]
[Site "Switzerland"]
[Date "2018.04.15"]
[Round "2.4"]
[White "Gaehler, Marco"]
[Black "Breder, Dennis"]
[Result "1/2-1/2"]
[WhiteElo "2341"]
[BlackElo "2458"]
[PlyCount "119"]
[EventDate "2018.03.25"]
[EventType "team-tourn"]
[EventRounds "9"]
[EventCountry "SUI"]
[SourceTitle "EXT 2019"]
[Source "ChessBase"]
[SourceDate "2018.10.10"]
[SourceVersion "1"]
[SourceVersionDate "2018.10.10"]
[SourceQuality "1"]
[WhiteTeam "Wollishofen"]
[BlackTeam "Riehen"]
[WhiteTeamCountry "SUI"]
[BlackTeamCountry "SUI"]

1. g3 c5 2. Bg2 Nc6 3. e4 g6 4. Ne2 Bg7 5. c3 e5 6. f4 h5 7. fxe5 c4 8. d4 cxd3 9. Nf4 Nxe5 10. Nxd3 h4 11. Bf4 d6 12. Bxe5 dxe5 13. Na3 hxg3 14. hxg3 Qb6 15. Ke2 Rxh1 16. Qxh1 Nf6 17. Qg1 Bg4+ 18. Bf3 Qe6 19. Qe3 Bxf3+ 20. Qxf3 0-0-0 21. b3 Qc6 22. Nf2 Bh6 23. Nc4 Qe6 24. a4 Ne8 25. Rh1 Bg7 26. Rh7 Rd7 27. Nd3 Rc7 28. Nb4 f6 29. Nd5 Rc6 30. g4 Kb8 31. Qh3 Rc8 32. Nce3 Bf8 33. g5 Qa6+ 34. c4 fxg5 35. Qd7 Nd6 36. Qe6 Nxe4 37. Qxe5+ Nd6 38. Nf6 Ka8 39. Nd7 Re8 40. Qxg5 Nf5 41. Rh8 Qd6 42. Rxf8 Qxd7 43. Rxe8+ Qxe8 44. a5 Kb8 45. b4 Kc7 46. Qf4+ Kd7 47. Kd3 Qxe3+ 48. Qxe3 Nxe3 49. Kxe3 Ke6 50. Kd4 Kd6 51. Ke4 a6 52. Kd4 g5 53. Ke4 Ke6 54. b5 Kd6 55. bxa6 bxa6 56. Kf5 Kc5 57. Kxg5 Kxc4 58. Kf4 Kb4 59. Ke3 Kxa5 60. Kd3 1/2-1/2

[Event "SUI-chT"]
[Site "Switzerland"]
[Date "2017.09.03"]
[Round "7.3"]
[White "Gaehler, Marco"]
[Black "Riff, Jean Noel"]
[Result "1/2-1/2"]
[WhiteElo "2341"]
[BlackElo "2479"]
[PlyCount "121"]
[EventDate "2017.03.19"]
[EventType "team-swiss"]
[EventRounds "9"]
[EventCountry "SUI"]
[SourceTitle "EXT 2018"]
[Source "ChessBase"]
[SourceDate "2017.10.13"]
[SourceVersion "1"]
[SourceVersionDate "2017.10.13"]
[SourceQuality "1"]
[WhiteTeam "Wollishofen"]
[BlackTeam "Geneve"]
[WhiteTeamCountry "SUI"]
[BlackTeamCountry "SUI"]

1. g3 e5 2. c4 Nf6 3. Bg2 c6 4. Nf3 e4 5. Nd4 Qb6 6. e3 d5 7. d3 Bg4 8. Qc2 Na6 9. a3 exd3 10. Qxd3 Nc5 11. Qc2 dxc4 12. Qxc4 Ne6 13. Ne2 Qc5 14. Nd2 0-0-0 15. b4 Qd6 16. Qc2 Bxe2 17. Kxe2 Qe5 18. Bb2 Qb5+ 19. Nc4 Nd5 20. Rhd1 Nb6 21. Rxd8+ Nxd8 22. Rc1 Ne6 23. Qd3 Nxc4 24. Rxc4 Be7 25. Qc2 Rd8 26. h4 Kb8 27. Bf3 g6 28. Kf1 a5 29. a4 Qb6 30. bxa5 Qxa5 31. Bc3 Qf5 32. Qxf5 gxf5 33. Bh5 Rf8 34. Be5+ Kc8 35. Rc2 f6 36. Bc3 Kc7 37. Rd2 b6 38. Bd1 Nc5 39. f3 Ra8 40. Bc2 Nxa4 41. Bxf5 Rd8 42. Rxd8 Kxd8 43. Ba1 h6 44. Ke2 b5 45. g4 c5 46. f4 c4 47. Bd4 b4 48. Be6 c3 49. h5 Nc5 50. Bc4 Kd7 51. Kd1 Ne4 52. Kc2 Bc5 53. Bxc5 Nxc5 54. g5 fxg5 55. fxg5 Ke7 56. gxh6 Kf8 57. Bd5 Nd7 58. Be4 Ne5 59. Kb3 Ng4 60. Kxb4 Nxe3 61. Kxc3 1/2-1/2

[Event "SUI-chT"]
[Site "Switzerland"]
[Date "2016.10.09"]
[Round "9.4"]
[White "Gaehler, Marco"]
[Black "Valles, Manuel"]
[Result "1-0"]
[WhiteElo "2341"]
[BlackElo "2401"]
[PlyCount "65"]
[EventDate "2016.03.20"]
[EventType "team-tourn"]
[EventRounds "9"]
[EventCountry "SUI"]
[SourceTitle "EXT 2017"]
[Source "ChessBase"]
[SourceDate "2016.10.25"]
[SourceVersion "1"]
[SourceVersionDate "2016.10.25"]
[SourceQuality "1"]
[WhiteTeam "Wollishofen"]
[BlackTeam "Echallens"]
[WhiteTeamCountry "SUI"]
[BlackTeamCountry "SUI"]

1. g3 g6 2. Bg2 Bg7 3. e4 c5 4. Ne2 Nc6 5. c3 e5 6. f4 d6 7. d3 Nge7 8. 0-0 0-0 9. Nd2 d5 10. exd5 Nxd5 11. Ne4 Qb6 12. c4 Nc7 13. N2c3 a6 14. Na4 Qa7 15. Kh1 exf4 16. Bxf4 Ne6 17. Be3 Ncd4 18. Nf6+ Kh8 19. Nc3 Qb6 20. Ncd5 Qd8 21. Be4 Nc7 22. Nxc7 Qxc7 23. Bxd4 cxd4 24. Rf4 a5 25. Qf3 Ra6 26. Rf1 Qd6 27. Bxb7 Bxb7 28. Qxb7 Rb6 29. Qd7 Qe5 30. Ng4 Qe2 31. Rxf7 Re8 32. R1f2 Qe1+ 33. Kg2 1-0

[Event "SUI-chT"]
[Site "Switzerland"]
[Date "2016.10.08"]
[Round "8.5"]
[White "Gaehler, Marco"]
[Black "Ballmann, Martin"]
[Result "1/2-1/2"]
[WhiteElo "2341"]
[BlackElo "2387"]
[PlyCount "111"]
[EventDate "2016.03.20"]
[EventType "team-tourn"]
[EventRounds "9"]
[EventCountry "SUI"]
[SourceTitle "EXT 2017"]
[Source "ChessBase"]
[SourceDate "2016.10.25"]
[SourceVersion "1"]
[SourceVersionDate "2016.10.25"]
[SourceQuality "1"]
[WhiteTeam "Wollishofen"]
[BlackTeam "Winterthur"]
[WhiteTeamCountry "SUI"]
[BlackTeamCountry "SUI"]

1. g3 g6 2. Bg2 Bg7 3. e4 c5 4. c3 Nc6 5. d3 d6 6. Ne2 e5 7. Be3 Be6 8. f4 Nge7 9. Nd2 Qd7 10. Nf3 Bg4 11. h3 Bxf3 12. Bxf3 h5 13. h4 b6 14. Qa4 Rc8 15. Rd1 d5 16. fxe5 Nxe5 17. Qxd7+ Kxd7 18. Bg2 Ng4 19. Bg5 d4 20. Bh3 dxc3 21. bxc3 f5 22. 0-0 Bh6 23. Bxe7 Kxe7 24. Bxg4 fxg4 25. Nf4 Bxf4 26. Rxf4 Rhf8 27. Kf2 b5 28. Rb1 b4 29. cxb4 cxb4 30. Rxb4 Rxf4+ 31. gxf4 Rc2+ 32. Kg3 Rxa2 33. Rb7+ Kf6 34. e5+ Ke6 35. Rg7 Re2 36. Rxg6+ Ke7 37. d4 Re3+ 38. Kf2 Rf3+ 39. Ke2 Rxf4 40. Ke3 Rf1 41. Ra6 g3 42. Rxa7+ Ke6 43. Rg7 Kd5 44. Rxg3 Re1+ 45. Kf4 Kxd4 46. Rg5 Re4+ 47. Kf5 Rxe5+ 48. Kg6 Rxg5+ 49. Kxg5 Ke5 50. Kxh5 Kf5 51. Kh6 Kf6 52. Kh7 Kf7 53. h5 Kf8 54. h6 Kf7 55. Kh8 Kf8 56. h7 1/2-1/2

[Event "SUI-chT"]
[Site "Switzerland"]
[Date "2016.03.20"]
[Round "1.4"]
[White "Gaehler, Marco"]
[Black "Petrov, Nikita"]
[Result "1-0"]
[WhiteElo "2341"]
[BlackElo "2464"]
[PlyCount "73"]
[EventDate "2016.03.20"]
[EventType "team-tourn"]
[EventRounds "9"]
[EventCountry "SUI"]
[SourceTitle "CBM 171 Extra"]
[Source "ChessBase"]
[SourceDate "2016.04.26"]
[SourceVersion "1"]
[SourceVersionDate "2016.04.26"]
[SourceQuality "1"]
[WhiteTeam "Wollishofen"]
[BlackTeam "Geneve"]
[WhiteTeamCountry "SUI"]
[BlackTeamCountry "SUI"]

1. g3 Nf6 2. Bg2 g6 3. e4 d6 4. d4 Bg7 5. Ne2 0-0 6. 0-0 Nbd7 7. c3 e5 8. Nd2 exd4 9. cxd4 c5 10. Nc4 cxd4 11. Nxd6 Ne5 12. Nxc8 d3 13. Nf4 Rxc8 14. Bd2 Nc4 15. Bc3 Re8 16. e5 Nxe5 17. Bxb7 Rxc3 18. bxc3 Qc7 19. Rb1 Rd8 20. Qa4 d2 21. Rfd1 Qxc3 22. Qxa7 Bf8 23. Qb6 Be7 24. a4 Neg4 25. Kg2 Rd6 26. Qb2 Qa5 27. h3 Nxf2 28. Kxf2 Rb6 29. Qc2 Qa7 30. Qc8+ Kg7 31. Rxb6 Qxb6+ 32. Kg2 g5 33. Nd3 Bd6 34. Bf3 Qe3 35. Qc3 h6 36. Qxd2 Qd4 37. Nf2 1-0

[Event "Zuerich op-A 39th"]
[Site "Zuerich"]
[Date "2015.12.27"]
[Round "3"]
[White "Solomonik, Edgar"]
[Black "Gaehler, Marco"]
[Result "0-1"]
[WhiteElo "1883"]
[BlackElo "2316"]
[PlyCount "80"]
[EventDate "2015.12.26"]
[EventType "swiss"]
[EventRounds "7"]
[EventCountry "SUI"]
[SourceTitle "CBM 170 Extra"]
[Source "ChessBase"]
[SourceDate "2016.02.25"]
[SourceVersion "1"]
[SourceVersionDate "2016.02.25"]
[SourceQuality "1"]

1. Nf3 g6 2. c4 Bg7 3. d4 d6 4. e4 Bg4 5. Be3 Bxf3 6. gxf3 c5 7. Nc3 cxd4 8. Bxd4 Nf6 9. Nd5 e6 10. Nxf6+ Bxf6 11. Rc1 Nc6 12. Bc3 0-0 13. Bg2 Bxc3+ 14. Rxc3 Qg5 15. 0-0 e5 16. Qc1 Qh4 17. Rd1 Rfd8 18. Rcd3 Nd4 19. Qe3 Rac8 20. b3 b5 21. Rc1 bxc4 22. Rdc3 Ne6 23. bxc4 Rc5 24. Ra3 Qe7 25. Kh1 Qc7 26. Rb1 Nd4 27. Qg5 Rb8 28. Rxb8+ Qxb8 29. Rc3 Qb2 30. Rc1 Kg7 31. h4 h5 32. a4 Qxf2 33. Rf1 Qe2 34. Qe7 Ne6 35. Qxd6 Nf4 36. Rg1 Qf2 37. Qe7 Ne6 38. Rb1 Rc7 39. Qd6 Qxh4+ 40. Kg1 Qg5 0-1

[Event "SUI-chT"]
[Site "Switzerland"]
[Date "2015.10.10"]
[Round "8.6"]
[White "Gaehler, Marco"]
[Black "Berset, Philippe"]
[Result "0-1"]
[WhiteElo "2306"]
[BlackElo "2159"]
[PlyCount "84"]
[EventDate "2015.03.29"]
[EventType "team-tourn"]
[EventRounds "9"]
[EventCountry "SUI"]
[SourceTitle "EXT 2017"]
[Source "ChessBase"]
[SourceDate "2016.10.25"]
[SourceVersion "1"]
[SourceVersionDate "2016.10.25"]
[SourceQuality "1"]
[WhiteTeam "Wollishofen"]
[BlackTeam "Neuchatel"]
[WhiteTeamCountry "SUI"]
[BlackTeamCountry "SUI"]

1. g3 g6 2. Bg2 Bg7 3. e4 c5 4. Ne2 Nc6 5. 0-0 Nf6 6. Nbc3 0-0 7. h3 d6 8. g4 Rb8 9. f4 Nd7 10. g5 b5 11. f5 Nd4 12. d3 b4 13. Nd5 Nxe2+ 14. Qxe2 Bd4+ 15. Ne3 Bb7 16. Kh1 e6 17. f6 Ne5 18. Nd1 Nc6 19. c3 Be5 20. Be3 Qa5 21. Qe1 bxc3 22. bxc3 Ba6 23. Qd2 Qb5 24. d4 cxd4 25. cxd4 Bg3 26. Rf3 Bh4 27. Rf4 Bxg5 28. Bf1 Qb7 29. Rf3 Bxe3 30. Qxe3 Kh8 31. Bxa6 Qxa6 32. Rc1 Qb6 33. Rc4 e5 34. Qh6 Rg8 35. Rb3 Qa6 36. Rxc6 Qf1+ 37. Kh2 Qe2+ 38. Kg3 Rxb3+ 39. axb3 Qxd1 40. Rc8 Qg1+ 41. Kf3 Qf1+ 42. Ke3 Qf4+ 0-1

[Event "SUI-chT"]
[Site "Switzerland"]
[Date "2015.05.31"]
[Round "4.6"]
[White "Studer, Noel"]
[Black "Gaehler, Marco"]
[Result "1-0"]
[WhiteElo "2395"]
[BlackElo "2306"]
[PlyCount "81"]
[EventDate "2015.03.29"]
[EventType "team-tourn"]
[EventRounds "9"]
[EventCountry "SUI"]
[SourceTitle "EXT 2016"]
[Source "ChessBase"]
[SourceDate "2015.10.08"]
[SourceVersion "1"]
[SourceVersionDate "2015.10.08"]
[SourceQuality "1"]
[WhiteTeam "Zuerich"]
[BlackTeam "Wollishofen"]
[WhiteTeamCountry "SUI"]
[BlackTeamCountry "SUI"]

1. e4 e6 2. d4 d5 3. Nd2 a6 4. Ngf3 Nf6 5. e5 Nfd7 6. Bd3 c5 7. c3 Nc6 8. 0-0 g5 9. Nb3 h6 10. dxc5 g4 11. Nfd4 Ncxe5 12. Bc2 Rg8 13. f4 Nc4 14. c6 bxc6 15. Nxc6 Qb6+ 16. Ncd4 a5 17. a4 Ba6 18. Kh1 Nf6 19. Nb5 Ne4 20. Qe2 f5 21. Bd3 Rc8 22. N3d4 Kf7 23. b3 Bxb5 24. Nxb5 Ncd6 25. Be3 Qd8 26. c4 Nxb5 27. axb5 Nc3 28. Qf2 g3 29. Qf3 Bb4 30. Qh5+ Rg6 31. hxg3 dxc4 32. Bxc4 Rxc4 33. bxc4 Ne4 34. Rf3 Bc3 35. Rc1 Bb2 36. Rb1 Qh8 37. g4 Nf6 38. Qh4 Nxg4 39. Bc5 Bf6 40. Qe1 Qc8 41. Bg1 1-0

[Event "SUI-chT"]
[Site "Switzerland"]
[Date "2015.04.26"]
[Round "3.4"]
[White "Gaehler, Marco"]
[Black "Atlas, Valeri"]
[Result "1/2-1/2"]
[WhiteElo "2306"]
[BlackElo "2460"]
[PlyCount "70"]
[EventDate "2015.03.29"]
[EventType "team-tourn"]
[EventRounds "9"]
[EventCountry "SUI"]
[SourceTitle "EXT 2016"]
[Source "ChessBase"]
[SourceDate "2015.10.08"]
[SourceVersion "1"]
[SourceVersionDate "2015.10.08"]
[SourceQuality "1"]
[WhiteTeam "Wollishofen"]
[BlackTeam "Luzern"]
[WhiteTeamCountry "SUI"]
[BlackTeamCountry "SUI"]

1. g3 c5 2. Bg2 Nc6 3. e4 g6 4. Ne2 Bg7 5. 0-0 d6 6. c3 e5 7. Na3 Nge7 8. Nc2 Qb6 9. Ne3 0-0 10. f4 f5 11. d3 Be6 12. Nd5 Qd8 13. Be3 b6 14. a3 Qd7 15. b4 Rae8 16. bxc5 dxc5 17. Nxe7+ Rxe7 18. fxe5 Nxe5 19. Bg5 Ree8 20. d4 cxd4 21. cxd4 Nf7 22. Bf4 fxe4 23. Rc1 g5 24. Be3 Bh3 25. Bxh3 Qxh3 26. Qb3 Qe6 27. Qxe6 Rxe6 28. Rc7 a5 29. d5 Rd6 30. Nd4 Bxd4 31. Bxd4 Rxd5 32. Bxb6 Ne5 33. Rxf8+ Kxf8 34. Kf2 Nd7 35. Bxa5 Rxa5 1/2-1/2